| 000 | 01882cam a2200277Mi 4500 | ||
|---|---|---|---|
| 001 | 10061482 | ||
| 003 | CaAEU | ||
| 005 | 20251022142553.0 | ||
| 008 | 211224s2022 enka b 0|1 0 eng d | ||
| 020 | _a9781399402132 | ||
| 035 | _aon1342542472 | ||
| 040 |
_aYDX _beng _cYDX _dAEKC |
||
| 041 | _aeng | ||
| 050 |
_aHF5718.3 _bW76 2022 |
||
| 110 |
_aBloomsbury (Firm) _epublisher _926264 |
||
| 245 | 0 | 0 |
_aWriting skills for business _b: how to communicate clearly to get your message across. |
| 260 |
_aLondon : _bBlomsbury Business, _c2022. |
||
| 300 |
_a95 pages : _billustrations ; _c18 cm. |
||
| 490 | _aBusiness essentials | ||
| 504 | _aIncludes bibliographical references and index. | ||
| 505 | 0 | _aAssess yourself: How good are your writing skills? — Why being good at writing matters — Communicating with purpose — Knowing your audience — Some types of written communication — Layout and formatting — Adopting the right tone and style — Grammar, punctuation and spelling — Recap: Writing rules - essential dos — Checking and editing your work. | |
| 520 | _aEverything you need to know about writing for business -- from working out the mesage you want to send, to understanding your audience. As everyone adjusts to new ways of working, using words to engage, inform, persuade, or sell to others is increasingly important. Writing Skills for Business is packed full of quick tips and nuggets of advice on how to communicate better in your writing. From understanding the needs of your intended audience, to selecting the right layout and the most persuasive tone and style, this new guide will help you produce the most effective communications -- whether that's internal reports, business plans, team briefings, social media posts or presentations. | ||
| 650 | 0 |
_aBusiness writing _95535 |
|
| 650 | 0 |
_aCommunication in management _92095 |
|
| 942 | _2lcc | ||
| 999 |
_c5080 _d5080 |
||